000 00671nam a22002057a 4500
003 SISC
005 20170302130624.0
008 170302b xxu||||| |||| 00| 0 eng d
020 _a9789719983101
050 _aG156.5E6
_b.L55 2013
100 _aLim, Romeo D.
245 _aEcotourism :
_bwith tourism planning and development essentials /
_cRomeo D. Lim.
260 _aManila :
_bMindshapers Co., Inc.,
_c2013.
300 _ax, 300 pages :
_billustrations ;
_c24 cm.
500 _aIncludes bibliographical references.
650 _aEcotourism
_zPhilippines.
650 _aTourism -- Philippines -- Planning.
650 _aTourism
_zPhilippines.
942 _2lcc
_cBK
999 _c317070
_d317070